[Event "II Open Oro Caffe'"]
[Site "Udine ITA"]
[Date "2009.07.07"]
[Round "2"]
[White "Zuttioni, Federico"]
[Black "Bove, Alessandro"]
[Result "0-1"]
[WhiteElo "1884"]
[BlackElo "2305"]
[PlyCount "95"]
[EventDate "2009.07.06"]

1. e4 c5 2. Nf3 Nc6 3. g3 d5 4. exd5 Qxd5 5. Nc3 Qe6+ 6. Ne2 Qe4 7. Bg2 Nd4 8.
Nfxd4 Qxg2 9. Rg1 Qd5 10. Nb5 Qc6 11. a4 Bg4 12. d4 a6 13. d5 Qd7 14. Nbc3 Nf6
15. Be3 e6 16. dxe6 Qxe6 17. Qb1 Be7 18. Qa2 Qc6 19. a5 O-O 20. Qa4 b5 21. axb6
Qxb6 22. b3 Qe6 23. Nf4 Qe5 24. Qc4 Rfe8 25. Nd3 Qh5 26. h4 Bf8 27. Rxa6 Rxa6
28. Qxa6 c4 29. bxc4 Qf5 30. Kd2 Rd8 31. Qb5 Qf3 32. Re1 Be6 33. Rb1 Ng4 34.
Qb6 Rc8 35. Qb7 Qf6 36. Ne4 Qd8 37. Qb6 Nxe3 38. fxe3 Qe8 39. Qb5 Qe7 40. c5
Bd7 41. Qb4 Re8 42. Ndf2 Bc6 43. Kd3 f5 44. Qb3+ Kh8 45. Qb6 Bxe4+ 46. Nxe4
Qxe4+ 47. Kd2 Qxe3+ 48. Kd1 0-1

[Event "II Open Oro Caffe'"]
[Site "Udine ITA"]
[Date "2009.07.08"]
[Round "3"]
[White "Bisaro, Andrea"]
[Black "Lippi, Agostino"]
[Result "1-0"]
[WhiteElo "1702"]
[BlackElo "1550"]
[PlyCount "46"]
[EventDate "2009.07.06"]

1. d4 d6 2. e4 g6 3. Nc3 Nf6 4. f3 Bg7 5. Be3 c6 6. Bc4 O-O 7. Nge2 Nbd7 8. Qd2
e5 9. Bb3 Qe7 10. O-O Re8 11. d5 Nb6 12. Rad1 Rd8 13. Kh1 Bd7 14. Bg5 c5 15. a3
c4 16. Ba2 Rac8 17. Ng3 Na4 18. Nxa4 Bxa4 19. Rde1 Bd7 20. f4 h6 21. fxe5 Ng4
22. exd6 Qxd6 23. Bf4 Be5 1-0

[Event "II Open Oro Caffe'"]
[Site "Udine ITA"]
[Date "2009.07.08"]
[Round "3"]
[White "Bove, Alessandro"]
[Black "Pagnutti, Lorenzo"]
[Result "1-0"]
[WhiteElo "2305"]
[BlackElo "2104"]
[PlyCount "71"]
[EventDate "2009.07.06"]

1. e4 e5 2. f4 exf4 3. d4 Qh4+ 4. Ke2 d5 5. Nf3 Bg4 6. exd5 Bd6 7. c4 Nf6 8.
Qe1 Qh5 9. Kd1+ Kd8 10. Be2 Re8 11. Nc3 Nbd7 12. h3 Bxf3 13. gxf3 a6 14. Rg1 g6
15. h4 Qh6 16. Kc2 b6 17. Qf2 Nh5 18. Ne4 Qf8 19. Bd3 h6 20. Bd2 Kc8 21. Rac1
Kb7 22. Kb1 Ka7 23. c5 Be7 24. d6 cxd6 25. cxb6+ Nxb6 26. d5 Kb7 27. Ba5 Bd8
28. Qc2 Rc8 29. Qb3 Rc5 30. Nxc5+ dxc5 31. Bxb6 Bxb6 32. Qa4 Kb8 33. Qc6 Ka7
34. Qd7+ Kb8 35. Bxa6 Re7 36. Qd6+ 1-0

[Event "II Open Oro Caffe'"]
[Site "Udine ITA"]
[Date "2009.07.08"]
[Round "3"]
[White "Bozza, Stefano"]
[Black "Miseri, Paolo"]
[Result "1/2-1/2"]
[WhiteElo "1560"]
[BlackElo "1488"]
[PlyCount "75"]
[EventDate "2009.07.06"]

1. e4 c5 2. Nf3 Nc6 3. d4 cxd4 4. Nxd4 g6 5. Nc3 Bg7 6. Be3 Nf6 7. Be2 Nxd4 8.
Bxd4 O-O 9. O-O d6 10. Kh1 Bd7 11. f4 Bc6 12. Bf3 e6 13. Qd3 Ne8 14. Bxg7 Nxg7
15. Rad1 Ne8 16. e5 d5 17. Ne2 Qb6 18. Qd4 Qxd4 19. Nxd4 Nc7 20. Rc1 Nb5 21.
Nxc6 bxc6 22. c4 Nd4 23. cxd5 cxd5 24. g4 Nxf3 25. Rxf3 Rfc8 26. Rfc3 Rxc3 27.
Rxc3 a5 28. Kg2 a4 29. Kf3 h6 30. h4 Rb8 31. b3 axb3 32. axb3 Rb4 33. Rd3 Kf8
34. Ke3 Ke7 35. Kd2 d4 36. Ke2 f6 37. exf6+ Kxf6 38. Kf3 1/2-1/2

[Event "II Open Oro Caffe'"]
[Site "Udine ITA"]
[Date "2009.07.08"]
[Round "3"]
[White "Capaliku, Aleks"]
[Black "Okhotnik, Vladimir"]
[Result "0-1"]
[WhiteElo "2093"]
[BlackElo "2449"]
[PlyCount "108"]
[EventDate "2009.07.06"]

1. f4 Nh6 2. b3 e5 3. fxe5 d6 4. d3 dxe5 5. Nf3 Ng4 6. h3 Nf6 7. e4 Nh5 8. g4
Ng3 9. Rg1 Nxf1 10. Rxf1 Nc6 11. Be3 h5 12. Rg1 hxg4 13. hxg4 Bb4+ 14. c3 Be7
15. Qe2 b5 16. Kd2 Be6 17. Kc2 b4 18. c4 Qd7 19. Nbd2 Bxg4 20. Qg2 Bh5 21. Rad1
Bf6 22. Nf1 a5 23. Ng3 a4 24. Kb2 axb3 25. axb3 Ra3 26. Ne2 Bxf3 27. Qxf3 Qd6
28. Nc1 Nd4 29. Qf2 Ke7 30. Bxd4 Qxd4+ 31. Qxd4 Rh2+ 32. Kb1 exd4 33. Rdf1 Be5
34. Rf3 Ke6 35. Rgf1 f6 36. R1f2 Rh1 37. Kb2 g5 38. Rf1 Rh8 39. R3f2 Rha8 40.
c5 Kd7 41. Rxf6 Bxf6 42. Rxf6 Rg8 43. Na2 g4 44. Nxb4 g3 45. c6+ Kc8 46. Rf1 g2
47. Rg1 Ra5 48. Nd5 Rg4 49. b4 Ra6 50. Kb3 Kd8 51. b5 Ra5 52. Kc4 Ra2 53. Kxd4
Re2 54. Ra1 g1=Q+ 0-1

[Event "II Open Oro Caffe'"]
[Site "Udine ITA"]
[Date "2009.07.08"]
[Round "3"]
[White "Castellano, Alfonso"]
[Black "Damia, Angelo"]
[Result "0-1"]
[WhiteElo "1952"]
[BlackElo "2291"]
[PlyCount "62"]
[EventDate "2009.07.06"]

1. c4 Nf6 2. Nc3 c6 3. e4 e5 4. Nf3 Bb4 5. Bd3 d5 6. cxd5 O-O 7. d6 Qxd6 8. Bc2
Bg4 9. h3 Bh5 10. g4 Bg6 11. d4 exd4 12. e5 Bxc2 13. Qxc2 dxc3 14. O-O Qd5 15.
Qf5 Nfd7 16. Ng5 g6 17. Qf4 Be7 18. Nf3 f6 19. e6 Ne5 20. Nh2 Qxe6 21. bxc3 Qc4
22. Qg3 Nbd7 23. Rd1 Rad8 24. Rd4 Qe6 25. Bh6 Rfe8 26. a4 Bc5 27. Re4 Nf3+ 28.
Nxf3 Qxe4 29. Re1 Qc4 30. Rxe8+ Rxe8 31. Qc7 Qe2 0-1

[Event "II Open Oro Caffe'"]
[Site "Udine ITA"]
[Date "2009.07.08"]
[Round "3"]
[White "Clarini, Ivo"]
[Black "Muzzolini, Claudio"]
[Result "1/2-1/2"]
[WhiteElo "1829"]
[BlackElo "1810"]
[PlyCount "113"]
[EventDate "2009.07.06"]

1. d4 Nf6 2. c4 g6 3. f3 Bg7 4. e4 d6 5. Nc3 O-O 6. Bd3 Nbd7 7. Nge2 c5 8. Be3
cxd4 9. Bxd4 Qa5 10. O-O Ne5 11. Nd5 Nxd5 12. cxd5 Nxd3 13. Qxd3 Bxd4+ 14. Qxd4
Bd7 15. Nc3 Rfc8 16. a4 a6 17. f4 Qd8 18. f5 f6 19. h4 Qe8 20. Qe3 b5 21. a5 b4
22. Ne2 Bb5 23. Rf3 Bxe2 24. Qxe2 Kh8 25. Rg3 gxf5 26. exf5 Qf7 27. Re1 Ra7 28.
Qg4 Rg8 29. Qxg8+ Qxg8 30. Rxg8+ Kxg8 31. Rc1 Rb7 32. Rc6 Rb5 33. Rxa6 Rxd5 34.
Ra8+ Kf7 35. a6 Rxf5 36. Rh8 Ra5 37. Rxh7+ Ke6 38. Rg7 Rxa6 39. Rg4 Rb6 40.
Re4+ Kf7 41. g4 e5 42. Rc4 Rb7 43. Kf2 b3 44. Kf3 d5 45. Rc5 Ke6 46. Rc6+ Ke7
47. h5 Kf7 48. Rc5 d4 49. Ke4 Kg7 50. Rc6 Rd7 51. Kd3 Rf7 52. Ke4 Rd7 53. Kd3
e4+ 54. Kxe4 d3 55. Rc1 Kh6 56. Rd1 d2 57. Ke3 1/2-1/2

[Event "II Open Oro Caffe'"]
[Site "Udine ITA"]
[Date "2009.07.08"]
[Round "3"]
[White "Fantini, Marco"]
[Black "Cisilino, Oscar"]
[Result "1-0"]
[WhiteElo "2012"]
[BlackElo "1670"]
[PlyCount "70"]
[EventDate "2009.07.06"]

1. d4 Nf6 2. Nf3 d5 3. e3 g6 4. c4 Bg7 5. cxd5 Nxd5 6. Nc3 c6 7. Qb3 O-O 8. Bc4
e6 9. O-O Nd7 10. e4 N5b6 11. Bg5 Bf6 12. Bh6 Re8 13. Be2 Bg7 14. Bxg7 Kxg7 15.
Rad1 Nf6 16. Ne5 Nbd7 17. f4 Qb6 18. Bf3 Nxe5 19. fxe5 Nd7 20. Qa3 Nxe5 21. Na4
Nxf3+ 22. Qxf3 Qc7 23. Qf6+ Kg8 24. e5 Qe7 25. Nc5 b6 26. Ne4 Ba6 27. Rf2 Rad8
28. Qf4 Kg7 29. Nd6 Rf8 30. Rc1 Bb7 31. Rc3 Ba8 32. Rh3 h5 33. g4 f6 34. gxh5
fxe5 35. Qxe5+ Kg8 1-0

[Event "II Open Oro Caffe'"]
[Site "Udine ITA"]
[Date "2009.07.08"]
[Round "3"]
[White "Fermo, Ruggero"]
[Black "Picco, Ruggero"]
[Result "1-0"]
[WhiteElo "1765"]
[BlackElo "2082"]
[PlyCount "51"]
[EventDate "2009.07.06"]

1. e4 e5 2. Nf3 Nc6 3. Bb5 f5 4. Bxc6 dxc6 5. Nxe5 Qd4 6. Qh5+ g6 7. Nxg6 hxg6
8. Qxg6+ Kd8 9. d3 Ne7 10. Qg3 fxe4 11. Nc3 exd3 12. Be3 Qd6 13. Bf4 Qe6+ 14.
Kd2 dxc2 15. Rae1 Qg4 16. Bxc7+ Ke8 17. Qe5 Rh5 18. Qd6 Bf5 19. Kc1 Rh6 20. Qd2
Kf7 21. f4 Re8 22. h3 Qg3 23. Re3 Qg6 24. Rhe1 Kg8 25. Qf2 Bd7 26. Rg3 1-0

[Event "II Open Oro Caffe'"]
[Site "Udine ITA"]
[Date "2009.07.08"]
[Round "3"]
[White "Gabassi, Cristina"]
[Black "Piasentin, Oscar"]
[Result "1-0"]
[WhiteElo "1635"]
[BlackElo "1455"]
[PlyCount "82"]
[EventDate "2009.07.06"]

1. e4 c5 2. Nc3 Nc6 3. Bb5 d6 4. Bxc6+ bxc6 5. d3 e5 6. Nge2 Nf6 7. O-O Be7 8.
f4 O-O 9. f5 d5 10. Qe1 d4 11. Nd1 Ba6 12. Ng3 Re8 13. Qe2 c4 14. dxc4 Qb6 15.
Kh1 c5 16. b3 Bb7 17. Nf2 a5 18. Ng4 Qd6 19. Nxf6+ Qxf6 20. Qf3 a4 21. Nh5 Qh4
22. g4 Rad8 23. Rg1 d3 24. cxd3 Rxd3 25. Qxd3 Rd8 26. Qe2 Rd4 27. Ng3 Qh3 28.
Bb2 Bd6 29. Bxd4 exd4 30. bxa4 h5 31. gxh5 Bxg3 32. Rxg3 Qxf5 33. Re1 Qe5 34.
Kg1 f5 35. exf5 Qxf5 36. Qe8+ Kh7 37. Rxg7+ Kxg7 38. Re7+ Kh6 39. Re6+ Kg5 40.
Qd7 Kg4 41. Qg7+ Qg5 1-0

[Event "II Open Oro Caffe'"]
[Site "Udine ITA"]
[Date "2009.07.08"]
[Round "3"]
[White "Gaspardo, Francesco"]
[Black "Viola, Enrico"]
[Result "1-0"]
[WhiteElo "1978"]
[BlackElo "1614"]
[PlyCount "73"]
[EventDate "2009.07.06"]

1. Nc3 Nf6 2. e4 e5 3. Nf3 Nc6 4. d4 exd4 5. Nxd4 Bb4 6. Nxc6 bxc6 7. Bd3 d5 8.
exd5 Qe7+ 9. Qe2 Qxe2+ 10. Kxe2 cxd5 11. Re1 O-O 12. Kf1 d4 13. a3 Bxc3 14.
bxc3 dxc3 15. Bg5 Be6 16. Bxf6 gxf6 17. a4 c6 18. Ra3 Rfe8 19. Rxc3 Bd5 20. Be2
Re4 21. Bf3 Bc4+ 22. Be2 Bxe2+ 23. Rxe2 Rxe2 24. Kxe2 Re8+ 25. Kf3 Re6 26. Rc5
Rd6 27. Ke3 Kg7 28. Ra5 Rd7 29. Ra6 c5 30. Rc6 Rd5 31. Ra6 Rd7 32. Rc6 Rd5 33.
f4 f5 34. c4 Rd4 35. Rxc5 Re4+ 36. Kf3 Kf6 37. Rxf5+ 1-0

[Event "II Open Oro Caffe'"]
[Site "Udine ITA"]
[Date "2009.07.08"]
[Round "3"]
[White "Maestri, Roberto"]
[Black "Licandro, Michele"]
[Result "1-0"]
[WhiteElo "1651"]
[BlackElo "1523"]
[PlyCount "130"]
[EventDate "2009.07.06"]

1. e4 c5 2. d4 e6 3. Nf3 b6 4. Nc3 Bb7 5. Bd3 cxd4 6. Nxd4 Bc5 7. Be3 Nc6 8.
Ndb5 Be7 9. Qg4 g6 10. O-O-O a6 11. Nd4 Nf6 12. Qg3 Nh5 13. Qh3 Ne5 14. Be2 Nf6
15. f4 Nc6 16. g4 e5 17. Nxc6 Bxc6 18. Bf3 exf4 19. Bxf4 O-O 20. e5 Bxf3 21.
Qxf3 Ne8 22. Nd5 Ng7 23. Bh6 Bg5+ 24. Bxg5 Qxg5+ 25. Kb1 Qxe5 26. Nf6+ Kh8 27.
Nxd7 Qc7 28. Nxf8 Rxf8 29. h4 Ne6 30. Qc3+ Qxc3 31. bxc3 Rc8 32. Rhf1 Rc7 33.
Rd6 Rb7 34. Rfd1 Nc5 35. Kb2 b5 36. R1d5 Rc7 37. h5 Kg7 38. hxg6 hxg6 39. Rd1
a5 40. Re1 b4 41. cxb4 axb4 42. Rd5 f6 43. Re8 Nb7 44. Re4 f5 45. gxf5 gxf5 46.
Rxf5 Nd6 47. Rg4+ Kh6 48. Rf6+ Kh5 49. Rxb4 Nc4+ 50. Rxc4 Rxc4 51. Kb3 Re4 52.
c4 Kg5 53. Rf1 Re8 54. a4 Rb8+ 55. Kc3 Ra8 56. Ra1 Kf5 57. a5 Ke5 58. a6 Kd6
59. a7 Kc5 60. Ra5+ Kb6 61. Kb4 Kc6 62. c5 Kc7 63. Kb5 Kb7 64. c6+ Kc7 65. Ra6
Kc8 1-0

[Event "II Open Oro Caffe'"]
[Site "Udine ITA"]
[Date "2009.07.08"]
[Round "3"]
[White "Menon, Michele"]
[Black "Santacroce, Fidel"]
[Result "1/2-1/2"]
[WhiteElo "1741"]
[BlackElo "1583"]
[PlyCount "52"]
[EventDate "2009.07.06"]

1. Nf3 d5 2. d4 Nf6 3. Nbd2 Nc6 4. e3 a6 5. c3 Bf5 6. Be2 g6 7. O-O Bg7 8. a4
O-O 9. b4 Qd6 10. Ba3 Qe6 11. Rc1 Ne4 12. c4 Nxd2 13. Nxd2 Rfd8 14. cxd5 Qxd5
15. Bf3 Qa2 16. Ra1 Qc2 17. b5 Na5 18. Bxe7 Rd7 19. Bb4 axb5 20. axb5 Bxd4 21.
Qxc2 Bxc2 22. exd4 Rxd4 23. Bc3 Rd3 24. Bxa5 Rad8 25. Ne4 f5 26. Nf6+ Kf7
1/2-1/2

[Event "II Open Oro Caffe'"]
[Site "Udine ITA"]
[Date "2009.07.08"]
[Round "3"]
[White "Milazzo, Mario"]
[Black "Capizzi, Biagio"]
[Result "1/2-1/2"]
[WhiteElo "2068"]
[BlackElo "1849"]
[PlyCount "33"]
[EventDate "2009.07.06"]

1. c4 e6 2. Nc3 d5 3. d4 Nf6 4. Nf3 Nbd7 5. g3 c6 6. Bg2 Bd6 7. O-O Qc7 8. c5
Be7 9. Bf4 Qd8 10. h3 Ne4 11. Nxe4 dxe4 12. Nd2 f5 13. Nc4 O-O 14. Bd6 Nf6 15.
Bxe7 Qxe7 16. e3 Nd5 17. Qe2 1/2-1/2

[Event "II Open Oro Caffe'"]
[Site "Udine ITA"]
[Date "2009.07.08"]
[Round "3"]
[White "Naumkin, Igor"]
[Black "Visintin, Roberto"]
[Result "1-0"]
[WhiteElo "2481"]
[BlackElo "2033"]
[PlyCount "43"]
[EventDate "2009.07.06"]

1. d4 Nf6 2. c4 e6 3. Nf3 Bb4+ 4. Nbd2 d5 5. Qa4+ Nc6 6. a3 Be7 7. Qc2 a5 8. b3
O-O 9. e3 Re8 10. Bb2 Bd7 11. Bd3 Bf8 12. g4 g6 13. Rg1 Ne7 14. h4 h5 15. gxh5
Nxh5 16. Ne5 Bg7 17. Nxf7 Kxf7 18. Bxg6+ Nxg6 19. Qxg6+ Kf8 20. Qxh5 Re7 21.
Nf3 Be8 22. Qg4 1-0

[Event "II Open Oro Caffe'"]
[Site "Udine ITA"]
[Date "2009.07.08"]
[Round "3"]
[White "Orsatti, Marcello"]
[Black "Del Forno Sinicco, Michele"]
[Result "1-0"]
[WhiteElo "1973"]
[BlackElo "1535"]
[PlyCount "56"]
[EventDate "2009.07.06"]

1. c4 Nf6 2. Nc3 c5 3. g3 g6 4. Bg2 Bg7 5. d3 Nc6 6. e4 d6 7. Nge2 O-O 8. O-O
Qc7 9. h3 a6 10. Be3 Nd7 11. Qd2 Nde5 12. f4 Nd7 13. Nd5 Qa5 14. Nxe7+ Kh8 15.
Nxc6 Qxd2 16. Bxd2 bxc6 17. Bc3 Rb8 18. Bxg7+ Kxg7 19. b3 Re8 20. Rfe1 Nf8 21.
d4 Bd7 22. dxc5 dxc5 23. Rad1 Re7 24. Rd6 a5 25. Nc3 Ne6 26. Na4 f5 27. exf5
gxf5 28. Nxc5 Kf7 1-0

[Event "II Open Oro Caffe'"]
[Site "Udine ITA"]
[Date "2009.07.08"]
[Round "3"]
[White "Pecchiari, Alberto"]
[Black "Muradore, Aldo"]
[Result "1/2-1/2"]
[WhiteElo "1425"]
[BlackElo "1487"]
[PlyCount "58"]
[EventDate "2009.07.06"]

1. e4 c5 2. Nc3 e6 3. g3 g6 4. Bg2 Bg7 5. d3 Nc6 6. f4 Nge7 7. Nf3 a6 8. O-O
O-O 9. Ne2 b5 10. g4 Qc7 11. Rb1 Bb7 12. Be3 c4 13. dxc4 bxc4 14. c3 d5 15.
exd5 Nxd5 16. Bd2 Rfd8 17. Qc2 e5 18. Qe4 exf4 19. Qxc4 Ne3 20. Bxe3 fxe3 21.
Ng5 Rd7 22. Nxf7 Rxf7 23. Rxf7 Qxf7 24. Bd5 Rf8 25. Bxf7+ Rxf7 26. Rf1 Ne5 27.
Qb3 Nf3+ 28. Rxf3 Bxf3 29. Nd4 Bxg4 1/2-1/2

[Event "II Open Oro Caffe'"]
[Site "Udine ITA"]
[Date "2009.07.08"]
[Round "3"]
[White "Pillon, Giovanni Pietro"]
[Black "Zuttioni, Federico"]
[Result "0-1"]
[WhiteElo "1500"]
[BlackElo "1884"]
[PlyCount "54"]
[EventDate "2009.07.06"]

1. d4 Nf6 2. c4 g6 3. Nc3 Bg7 4. e4 d6 5. f4 O-O 6. Nf3 c5 7. Be2 cxd4 8. Nxd4
Qb6 9. Na4 Qa5+ 10. Bd2 Qd8 11. Qc2 Nc6 12. Nxc6 bxc6 13. O-O Rb8 14. Rab1 d5
15. cxd5 cxd5 16. e5 Ne4 17. Be3 Qa5 18. Bd4 Rb4 19. Bc3 Qxa4 20. b3 Qa5 21.
Bxb4 Qxb4 22. Bf3 Nd2 23. a3 Qd4+ 24. Kh1 Nxb1 25. Rxb1 Bf5 26. Rd1 Bxc2 27.
Rxd4 Bxb3 0-1

[Event "II Open Oro Caffe'"]
[Site "Udine ITA"]
[Date "2009.07.08"]
[Round "3"]
[White "Tiengo, Davide"]
[Black "Tassinari, Luca"]
[Result "1-0"]
[WhiteElo "2118"]
[BlackElo "1838"]
[PlyCount "123"]
[EventDate "2009.07.06"]

1. d4 Nf6 2. Nf3 g6 3. c4 Bg7 4. Nc3 d6 5. e4 O-O 6. Be2 c5 7. d5 e6 8. dxe6
fxe6 9. O-O a6 10. e5 dxe5 11. Qxd8 Rxd8 12. Nxe5 Nfd7 13. Bg5 Rf8 14. Nxd7
Bxd7 15. Be7 Rc8 16. Rad1 Bf8 17. Bd6 Bxd6 18. Rxd6 Kf7 19. Ne4 Ke7 20. Rfd1 a5
21. Bf3 Rc7 22. h4 Ra6 23. R6d2 b6 24. Nc3 Bc6 25. Bg4 h5 26. Be2 Nd7 27. f4
Nf8 28. Kf2 Rd7 29. Bf3 Bxf3 30. Kxf3 Raa7 31. Rxd7+ Rxd7 32. Rxd7+ Nxd7 33. g4
hxg4+ 34. Kxg4 Nf6+ 35. Kg5 Kf7 36. b3 Kg7 37. Nb5 Nh7+ 38. Kg4 Nf6+ 39. Kf3
Nd7 40. Ke4 Kf7 41. Na7 Ke7 42. Nc6+ Kd6 43. Ne5 Nxe5 44. fxe5+ Ke7 45. Kf4 Kf7
46. Kg4 Kg8 47. h5 Kg7 48. Kg5 gxh5 49. Kxh5 Kh7 50. Kg5 Kg7 51. a4 Kf7 52. Kh6
Kf8 53. Kg6 Ke7 54. Kg7 Ke8 55. Kf6 Kd7 56. Kf7 Kd8 57. Kxe6 Ke8 58. Kd6 Kd8
59. e6 Ke8 60. e7 b5 61. axb5 a4 62. bxa4 1-0

[Event "II Open Oro Caffe'"]
[Site "Udine ITA"]
[Date "2009.07.08"]
[Round "3"]
[White "Tonon, Alessandro"]
[Black "Laco, Giuseppe"]
[Result "1-0"]
[WhiteElo "2248"]
[BlackElo "2135"]
[PlyCount "133"]
[EventDate "2009.07.06"]

1. Nf3 f5 2. b3 Nf6 3. Bb2 e6 4. c4 b6 5. g3 Bb7 6. Bg2 Be7 7. O-O O-O 8. d3
Qe8 9. Nbd2 c5 10. e3 Na6 11. Qe2 d5 12. Ne5 Rb8 13. f4 Nc7 14. Rad1 Ba8 15. h3
b5 16. g4 bxc4 17. dxc4 Ne4 18. Nxe4 fxe4 19. g5 Rd8 20. Kh2 Bd6 21. h4 Bxe5
22. Bxe5 Qe7 23. Bh3 Rde8 24. Rd2 Bb7 25. Rc1 Na6 26. cxd5 exd5 27. a3 Qd8 28.
Qb5 Re7 29. Rg1 Qe8 30. Qxe8 Rfxe8 31. Bd6 Re6 32. Bxe6+ Rxe6 33. Be5 g6 34.
Kg3 Rb6 35. Rb2 Bc8 36. h5 gxh5 37. Rd1 Be6 38. f5 Bf7 39. Rc1 Kf8 40. Rcb1 Ke7
41. b4 c4 42. Bd4 Rb7 43. b5 Nb8 44. a4 Kd6 45. a5 Nd7 46. a6 Rb6 47. Bxb6 Nxb6
48. Kf4 Kc5 49. Ke5 Nd7+ 50. Kf4 Nb6 51. Rg2 c3 52. g6 hxg6 53. Rxg6 Be8 54.
Rc6+ Bxc6 55. bxc6 Kxc6 56. Rc1 d4 57. Kxe4 Kc5 58. exd4+ Kc4 59. f6 Nd7 60. f7
Nf8 61. Rh1 c2 62. Rxh5 Kb3 63. Rc5 Kb2 64. Kd5 c1=Q 65. Rxc1 Kxc1 66. Kc6 Kc2
67. Kb7 1-0

[Event "II Open Oro Caffe'"]
[Site "Udine ITA"]
[Date "2009.07.08"]
[Round "3"]
[White "Trento, Giacomo"]
[Black "Zavagno, Matteo"]
[Result "0-1"]
[WhiteElo "1588"]
[BlackElo "1443"]
[PlyCount "92"]
[EventDate "2009.07.06"]

1. e4 e6 2. d4 d5 3. Nc3 Bb4 4. e5 c5 5. a3 Bxc3+ 6. bxc3 Nc6 7. h4 Nge7 8. Ne2
Bd7 9. Rh3 Qc7 10. h5 h6 11. g4 O-O-O 12. g5 Nf5 13. gxh6 gxh6 14. Rd3 Rdg8 15.
Bh3 Nce7 16. a4 Qa5 17. Kf1 Bb5 18. Rf3 Rh7 19. Ba3 Bc4 20. Bxc5 Rhg7 21. Ke1
Rg1+ 22. Bf1 Qa6 23. Rd3 Bxd3 24. cxd3 Rh1 25. Bxe7 Nxe7 26. Ng3 Rg1 27. Ne2
Rh1 28. Ng3 Rg1 29. Qf3 Kd7 30. Ne2 R1g5 31. Ng3 Ke8 32. Bh3 Qb6 33. Qd1 Qb2
34. Qc1 Qxc1+ 35. Rxc1 Kd7 36. c4 Rc8 37. Kd2 b6 38. Kc3 Nc6 39. Ne2 Rxh5 40.
Nf4 Rh4 41. Bxe6+ fxe6 42. Ne2 Rh2 43. Rg1 Rxf2 44. Rg7+ Ne7 45. Ng3 Rg8 46.
cxd5 Rxg7 0-1

[Event "II Open Oro Caffe'"]
[Site "Udine ITA"]
[Date "2009.07.08"]
[Round "3"]
[White "Venuti, Federico"]
[Black "Brunello, Roberta"]
[Result "0-1"]
[WhiteElo "1718"]
[BlackElo "1956"]
[PlyCount "88"]
[EventDate "2009.07.06"]

1. d4 d5 2. e3 Nf6 3. Bd3 Nbd7 4. f4 c5 5. c3 e6 6. Nf3 b6 7. Nbd2 Bb7 8. O-O
Be7 9. Ne5 O-O 10. Qf3 Ne8 11. Qh3 f5 12. Ndf3 Nd6 13. Bd2 Ne4 14. Be1 Rf6 15.
Nd2 Rh6 16. Qf3 Nxe5 17. fxe5 Kh8 18. Qe2 Qe8 19. Nxe4 dxe4 20. Bc2 g5 21. Rd1
b5 22. Bg3 Rg6 23. Rf2 Rg7 24. Bb3 c4 25. Bc2 Qg6 26. h3 Rag8 27. Rd2 Bc6 28.
a3 h5 29. Bd1 Rh7 30. Bh2 g4 31. hxg4 fxg4 32. g3 Qh6 33. Rf1 Bg5 34. Re1 h4
35. gxh4 Qxh4 36. Qf2 g3 37. Qxg3 Qxg3+ 38. Bxg3 Bh4 39. Rg2 Bxg3 40. Rf1 Bh2+
41. Kf2 Rf7+ 42. Ke1 Bg3+ 43. Ke2 Rxf1 44. Kxf1 Be8 0-1

[Event "II Open Oro Caffe'"]
[Site "Udine ITA"]
[Date "2009.07.09"]
[Round "4"]
[White "Brunello, Roberta"]
[Black "Tiengo, Davide"]
[Result "1-0"]
[WhiteElo "1956"]
[BlackElo "2118"]
[PlyCount "51"]
[EventDate "2009.07.06"]

1. e4 c5 2. c3 Nf6 3. e5 Nd5 4. d4 cxd4 5. Nf3 Nb6 6. cxd4 d5 7. Bd3 Nc6 8.
Nbd2 e6 9. O-O Bd7 10. Nb3 Nb4 11. Bb1 Ba4 12. Ng5 g6 13. Qf3 Qe7 14. Nc5 Bc2
15. a3 Bxb1 16. axb4 Bf5 17. g4 Be4 18. Ncxe4 dxe4 19. Nxe4 Qxb4 20. Nf6+ Kd8
21. Qxb7 Be7 22. Bg5 h6 23. Bh4 g5 24. Bg3 h5 25. Rfc1 h4 26. Qc7# 1-0

[Event "II Open Oro Caffe'"]
[Site "Udine ITA"]
[Date "2009.07.09"]
[Round "4"]
[White "Capizzi, Biagio"]
[Black "Tonon, Alessandro"]
[Result "0-1"]
[WhiteElo "1849"]
[BlackElo "2248"]
[PlyCount "128"]
[EventDate "2009.07.06"]

1. d4 Nf6 2. c4 e6 3. Nf3 b6 4. e3 Bb7 5. Bd3 c5 6. Nc3 Be7 7. O-O O-O 8. d5 d6
9. e4 e5 10. Ne1 Bc8 11. Nc2 Ne8 12. Ne3 Bg5 13. Ne2 g6 14. Qc2 Ng7 15. Ng3 Bf4
16. Ne2 Bg5 17. Ng3 Bh6 18. a3 a5 19. b3 Bf4 20. Ne2 Bg5 21. Ng3 h5 22. Nd1 Nd7
23. Ne2 h4 24. Ndc3 Ne8 25. Nb5 Qe7 26. Rb1 Ba6 27. Nbc3 Bxc1 28. Rbxc1 Qg5 29.
f4 exf4 30. Rxf4 Nef6 31. Rcf1 Nh5 32. R4f2 Ne5 33. Nf4 Ng4 34. Nxh5 Nxf2 35.
Rxf2 Qxh5 36. Qd2 Kg7 37. Ne2 Qe5 38. a4 Rae8 39. Rf4 Rh8 40. Rf3 Bc8 41. Rf2
Bg4 42. Nc3 h3 43. g3 Qd4 44. Nb5 Qe5 45. Rf4 Bd7 46. Nc3 Qd4+ 47. Rf2 f5 48.
Ne2 Qa1+ 49. Rf1 Qe5 50. Qc3 fxe4 51. Bxe4 Qxc3 52. Nxc3 Rhf8 53. Rf2 Rf6 54.
Kf1 Bg4 55. Rf4 Rxf4+ 56. gxf4 Rf8 57. Kf2 Rxf4+ 58. Kg3 g5 59. Bh1 Kf6 60.
Ne4+ Rxe4 61. Bxe4 Bd1 62. Kxh3 Bxb3 63. Bd3 Bxa4 64. Kg4 Bb3 0-1

[Event "II Open Oro Caffe'"]
[Site "Udine ITA"]
[Date "2009.07.09"]
[Round "4"]
[White "Gabassi, Francesco"]
[Black "Fantini, Marco"]
[Result "0-1"]
[WhiteElo "1888"]
[BlackElo "2012"]
[PlyCount "114"]
[EventDate "2009.07.06"]

1. e4 e6 2. d4 d5 3. e5 c5 4. c3 Nc6 5. Nf3 Qb6 6. a3 Bd7 7. b4 cxd4 8. cxd4
Rc8 9. Be2 Nge7 10. O-O Nf5 11. Bb2 Na5 12. Nbd2 Nc4 13. Nxc4 dxc4 14. Bc3 Ne7
15. Rc1 Qa6 16. Ra1 Nd5 17. Qc1 b5 18. Ng5 Qb7 19. Bf3 Bc6 20. Bxd5 Bxd5 21. f3
Be7 22. Qf4 O-O 23. Qg4 Qc6 24. Qh5 Bxg5 25. Qxg5 f6 26. exf6 Rxf6 27. Ra2 Rcf8
28. Raf2 Rf5 29. Qg3 Qa6 30. Bb2 Qa4 31. Qc7 R5f7 32. Qe5 a5 33. Qe1 Qb3 34.
Qc3 axb4 35. axb4 Qxc3 36. Bxc3 Ra8 37. Ra1 Rxa1+ 38. Bxa1 Ra7 39. Bc3 Ra3 40.
Rc2 Kf7 41. Kf2 Rb3 42. Kg3 Kf6 43. h4 Kf5 44. Kf2 h5 45. g3 Rb1 46. Ke2 Rh1
47. Ke3 Rf1 48. Rf2 Rg1 49. g4+ hxg4 50. fxg4+ Kxg4 51. Rf4+ Kh5 52. Rf8 Kxh4
53. Rb8 g5 54. Rxb5 g4 55. Kf4 Rf1+ 56. Ke5 g3 57. Rb8 g2 0-1

[Event "II Open Oro Caffe'"]
[Site "Udine ITA"]
[Date "2009.07.09"]
[Round "4"]
[White "Gaspardo, Francesco"]
[Black "Fermo, Ruggero"]
[Result "1-0"]
[WhiteElo "1978"]
[BlackElo "1765"]
[PlyCount "41"]
[EventDate "2009.07.06"]

1. Nc3 g6 2. d4 d5 3. h4 Nf6 4. Bg5 Bg7 5. Qd2 O-O 6. O-O-O c6 7. f3 b5 8. h5
Nbd7 9. Bh6 Qa5 10. hxg6 fxg6 11. Bxg7 Kxg7 12. Qh6+ Kh8 13. e4 Rg8 14. e5 b4
15. exf6 Nxf6 16. Nb1 Rg7 17. Bd3 Bd7 18. Bxg6 Rag8 19. Bd3 Qxa2 20. g4 Bxg4
21. fxg4 1-0

[Event "II Open Oro Caffe'"]
[Site "Udine ITA"]
[Date "2009.07.09"]
[Round "4"]
[White "Laco, Giuseppe"]
[Black "Del Forno Sinicco, Michele"]
[Result "1-0"]
[WhiteElo "2135"]
[BlackElo "1535"]
[PlyCount "105"]
[EventDate "2009.07.06"]

1. c4 Nf6 2. Nc3 g6 3. e4 d6 4. d4 Nbd7 5. Be3 Bg7 6. f3 O-O 7. Qd2 e5 8. d5
Nh5 9. g4 Nf4 10. h4 f5 11. gxf5 gxf5 12. h5 Qg5 13. Nge2 Ng2+ 14. Bxg2 f4 15.
Rh2 fxe3 16. Qc2 Rf4 17. O-O-O Rh4 18. Rxh4 Qxh4 19. Rh1 Qg5 20. Bf1 Nf6 21. h6
Bxh6 22. Qb3 Kf7 23. Nb5 Bd7 24. c5 Bf8 25. c6 bxc6 26. Nxc7 Rc8 27. dxc6+ Ke7
28. Nd5+ Nxd5 29. Rxh7+ Ke8 30. exd5 Bxc6 31. dxc6 Rxc6+ 32. Kd1 Qf5 33. Qb8+
Rc8 34. Qb5+ Kd8 35. Qa5+ Ke8 36. Qa4+ Kd8 37. Qh4+ Ke8 38. Qh5+ Qxh5 39. Rxh5
Rb8 40. Kc2 Kf7 41. Nc3 Kg6 42. Rh4 Rc8 43. Bd3+ Kg5 44. Rg4+ Kf6 45. Kd1 Rb8
46. b3 Be7 47. Nd5+ Ke6 48. Be4 Rf8 49. Ke2 Rh8 50. Rg6+ Kf7 51. Nxe7 Kxe7 52.
Rg7+ Kf6 53. Rxa7 1-0